000
00286nam a22001337a 4500
008
170421b xxu||||| |||| 00| 0 eng d
020
_a
696936694088
041
_a
eng
080
_2
8TH
_a
573
100
_a
11
101
_a
SHM
245
_a
BSCS BIOLOGY
_c
RESCH, B.C
942
_2
udc
_c
BK
999
_c
11408
_d
11408